沪宁城际所有站点(有客运业务的) - Statistics

General Stats
  • This quiz has been taken 18 times
  • The average score is 18 of 21
Answer Stats
% Correct
上海站
100%
苏州站
100%
无锡站
100%
常州站
94%
镇江站
94%
南京站
94%
南京南站
94%
上海西站
88%
安亭北站
88%
昆山南站
88%
苏州园区站
88%
苏州新区站
88%
南翔北站
82%
阳澄湖站
82%
丹阳站
82%
戚墅堰站
76%
上海虹桥站
71%
无锡新区站
71%
丹徒站
65%
仙林站
65%
惠山站
53%
No matching quizzes found
Score Distribution
Percent of People with Each Score
Percentile by Number Answered
Your Score History
You have not taken this quiz